New perspectives on horned dinosaurs (Record no. 148634)
[ view plain ]
| 000 -LEADER | |
|---|---|
| fixed length control field | 01717nam a2200397Ia 4500 |
| 001 - CONTROL NUMBER | |
| control field | vtls003239328 |
| 003 - CONTROL NUMBER IDENTIFIER | |
| control field | MY-SjTCS |
| 005 - DATE AND TIME OF LATEST TRANSACTION | |
| control field | 20200226115442.0 |
| 006 - FIXED-LENGTH DATA ELEMENTS--ADDITIONAL MATERIAL CHARACTERISTICS | |
| fixed length control field | m u |
| 007 - PHYSICAL DESCRIPTION FIXED FIELD--GENERAL INFORMATION | |
| fixed length control field | cr cn||||||||| |
| 008 - FIXED-LENGTH DATA ELEMENTS--GENERAL INFORMATION | |
| fixed length control field | 120829s2010 inuab sb s101 0 eng d |
| 010 ## - LIBRARY OF CONGRESS CONTROL NUMBER | |
| Canceled/invalid LC control number | 2009-019913 |
| 020 ## - INTERNATIONAL STANDARD BOOK NUMBER | |
| Canceled/invalid ISBN | 0253353580 |
| 020 ## - INTERNATIONAL STANDARD BOOK NUMBER | |
| Canceled/invalid ISBN | 9780253007797 |
| 020 ## - INTERNATIONAL STANDARD BOOK NUMBER | |
| Canceled/invalid ISBN | 9780253353580 |
| 035 ## - SYSTEM CONTROL NUMBER | |
| System control number | (OCoLC)787847296 |
| 035 ## - SYSTEM CONTROL NUMBER | |
| System control number | (CaPaEBR)ebr10540444 |
| 039 #9 - LEVEL OF BIBLIOGRAPHIC CONTROL AND CODING DETAIL [OBSOLETE] | |
| -- | 201208291112 |
| -- | wilmina |
| 040 ## - CATALOGING SOURCE | |
| Original cataloging agency | CaPaEBR |
| Transcribing agency | CaPaEBR |
| 050 14 - LIBRARY OF CONGRESS CALL NUMBER | |
| Classification number | QE862.O65 |
| Item number | R695 2007eb |
| 111 2# - MAIN ENTRY--MEETING NAME | |
| Meeting name or jurisdiction name as entry element | Royal Tyrrell Museum Ceratopsian Symposium |
| Date of meeting or treaty signing | (2007 : |
| Location of meeting | Drumheller, Alta.) |
| 245 10 - TITLE STATEMENT | |
| Title | New perspectives on horned dinosaurs |
| Medium | [electronic resource] : |
| Remainder of title | the Royal Tyrrell Museum Ceratopsian Symposium / |
| Statement of responsibility, etc. | edited by Michael J. Ryan, Brenda J. Chinnery-Allgeier, David A. Eberth ; Patricia E. Ralrick, editorial assistant. |
| 260 ## - PUBLICATION, DISTRIBUTION, ETC. | |
| Place of publication, distribution, etc. | Bloomington : |
| Name of publisher, distributor, etc. | Indiana University Press, |
| Date of publication, distribution, etc. | c2010. |
| 300 ## - PHYSICAL DESCRIPTION | |
| Extent | xxii, 624 p. : |
| Other physical details | ill. (some col.), maps. |
| 440 #0 - SERIES STATEMENT/ADDED ENTRY--TITLE | |
| Title | Life of the past |
| 504 ## - BIBLIOGRAPHY, ETC. NOTE | |
| Bibliography, etc. note | Includes bibliographical references and index. |
| 533 ## - REPRODUCTION NOTE | |
| Type of reproduction | Electronic reproduction. |
| Place of reproduction | Palo Alto, Calif. : |
| Agency responsible for reproduction | ebrary, |
| Date of reproduction | 2011. |
| Note about reproduction | Available via World Wide Web. |
| -- | Access may be limited to ebrary affiliated libraries. |
| 650 #0 - SUBJECT ADDED ENTRY--TOPICAL TERM | |
| Topical term or geographic name entry element | Ceratopsidae |
| Form subdivision | Congresses. |
| 650 #0 - SUBJECT ADDED ENTRY--TOPICAL TERM | |
| Topical term or geographic name entry element | Dinosaurs |
| Form subdivision | Congresses. |
| 655 #7 - INDEX TERM--GENRE/FORM | |
| Genre/form data or focus term | Electronic books. |
| Source of term | local |
| 700 1# - ADDED ENTRY--PERSONAL NAME | |
| Personal name | Chinnery-Allgeier, Brenda J. |
| 700 1# - ADDED ENTRY--PERSONAL NAME | |
| Personal name | Eberth, David A. |
| 700 1# - ADDED ENTRY--PERSONAL NAME | |
| Personal name | Ryan, Michael J., |
| Dates associated with a name | 1957- |
| 710 2# - ADDED ENTRY--CORPORATE NAME | |
| Corporate name or jurisdiction name as entry element | ebrary, Inc. |
| 9 (RLIN) | 25628 |
| 856 40 - ELECTRONIC LOCATION AND ACCESS | |
| Uniform Resource Identifier | https://ezproxy.taylors.edu.my/login?url=http://site.ebrary.com/lib/taylorscollege/Doc?id=10540444 |
| Public note | An electronic book accessible through the World Wide Web; click to view |
| Withdrawn status | Lost status | Damaged status | Not for loan | Home library | Current library | Date acquired | Total Checkouts | Date last seen | Price effective from | Koha item type |
|---|---|---|---|---|---|---|---|---|---|---|
| e-book | Taylor's Library-TU | Taylor's Library-TU | 02/03/2026 | 02/03/2026 | 02/03/2026 | E-Book |